Statistiken für 100 größte Städte Deutschlands (mit Karte)

Klicken Sie hier um das Quiz zu spielen!

Allgemein

  • Dieses Quiz wurde 11.510 mal gespielt
  • Das Durchschnittsergebnis liegt bei 57 aus 100

Antworten auf der Karte

Die Antworten werden auf der Karte rot bzw. grün angezeigt, abhängig davon wie oft sie richtig erraten wurden.
 

Antwortstatistiken

#BevölkerungStadt% Korrekt
13,677,472Berlin
99%
21,853,935Hamburg
99%
31,487,708München
98%
11563,290Bremen
97%
41,073,096Köln
96%
5759,224Frankfurt am Main
94%
6626,275Stuttgart
93%
29246,243Kiel
91%
12555,351Dresden
90%
7619,477Düsseldorf
90%
9586,852Dortmund
89%
13535,932Hannover
88%
8601,866Leipzig
88%
14510,632Nürnberg
87%
43179,634Saarbrücken
86%
10579,432Essen
82%
35217,556Mainz
82%
42183,154Potsdam
82%
39208,400Rostock
79%
27249,070Aachen
77%
37213,227Erfurt
77%
33231,848Freiburg im Breisgau
77%
32236,188Magdeburg
77%
23296,478Augsburg
76%
70113,173Bremerhaven
73%
8495,740Schwerin
73%
19331,885Bonn
72%
24278,950Wiesbaden
72%
15495,152Duisburg
71%
21311,831Mannheim
71%
9391,113Flensburg
69%
16363,441Bochum
68%
26260,126Gelsenkirchen
68%
22306,502Karlsruhe
68%
64123,949Wolfsburg
68%
18334,002Bielefeld
67%
60126,949Ulm
67%
36216,277Lübeck
66%
30243,105Chemnitz
65%
49163,851Leverkusen
65%
20317,713Münster
65%
28248,823Braunschweig
63%
75110,502Jena
63%
40200,406Kassel
63%
54153,542Regensburg
63%
50159,631Darmstadt
62%
31238,061Halle (Saale)
61%
57138,016Ingolstadt
61%
48165,034Osnabrück
61%
59129,122Fürth
59%
61126,933Würzburg
57%
17354,572Wuppertal
56%
8199,292Kaiserslautern
55%
8398,359Cottbus
54%
51159,245Heidelberg
54%
47170,389Oldenburg
54%
56152,531Paderborn
54%
68113,638Koblenz
53%
9884,736Konstanz
53%
74110,570Trier
53%
25261,001Mönchengladbach
50%
66116,557Göttingen
47%
58131,295Offenbach am Main
46%
45172,145Ludwigshafen am Rhein
45%
38208,752Oberhausen
45%
72111,645Bergisch Gladbach
44%
9191,368Gera
44%
69113,292Erlangen
43%
44179,238Hamm
42%
9486,592Zwickau
40%
34227,050Krefeld
39%
53156,621Herne
37%
78101,516Siegen
37%
9291,255Gießen
36%
62125,613Heilbronn
36%
41188,713Hagen
35%
8298,502Hanau
35%
80100,319Hildesheim
35%
63125,529Pforzheim
35%
52158,957Solingen
34%
8891,877Tübingen
34%
73110,714Recklinghausen
33%
67116,456Reutlingen
33%
77103,694Salzgitter
33%
65117,311Bottrop
31%
79101,158Gütersloh
31%
55152,731Neuss
31%
8693,117Ludwigsburg
29%
46170,739Mülheim an der Ruhr
28%
9586,475Villingen-Schwenningen
26%
9983,850Worms
26%
8792,640Esslingen am Neckar
25%
71111,770Remscheid
25%
76103,725Moers
24%
9091,814Düren
23%
8991,873Iserlohn
19%
8595,107Witten
18%
9785,721Lünen
15%
10083,697Marl
15%
9686,424Ratingen
15%

Verteilung der Resultate

Perzentil nach korrekt beantworteten Fragen

Anzahl Personen mit jedem Resultat

Ihre Resultats-Entwicklung

Sie haben dieses Quiz noch nicht gespielt